01268nam a2200313 a 450000100060000000300090000600500170001500800410003202000150007302000220008803500170011004000260012704100080015308200310016124502180019226000460041030000330045650001320048950400290062165000590065065100540070970000290076370000250079270000170081770000270083470000200086171000570088171000160093858677BD-RJUL 20211209080639.0161219s1974 enka 000 0 eng d a0199200696 a019920070X (pbk.) aBD-RjUL58801 aBD-RjULbengcBD-RjUL aeng a339.2091724218bRED 1974 00aRedistribution with growth :bpolicies to improve income distribution in developing countries in the context of economic growth /cby Hollis Chenery, Montek S. Ahluwalia, C.L.G. Bell, John H. Duloy, Richard Jolly. aOxford University Press :bLondon,c1974. axx, 304 p. :bill. ;c25 cm. a"A joint study by the World Bank's Development Research Center and the Institute of Development Studies, University of Sussex." aBibliography: p.291-304. 0aIncome distributionxDeveloping countriesxCongresses. 0aDeveloping countriesxEconomic policyxCongresses1 aChenery, Hollis Burnley.1 aAhluwalia, Montek S.1 aBell, C.L.G.1 aDuloy, John H.,d1932-1 aJolly, Richard.2 aInstitute of Development Studies (Brighton, England)2 aWorld Bank.